El Bhagavad Gita : el canto del señor /

Kaydedildi:
Detaylı Bibliyografya
Yazar: Roviralta Borrell, J. (traducción)
Diğer Yazarlar: Maynadé, Josefina (presentación) (presentación)
Materyal Türü: Kitap
Dil:İspanyolca
Baskı/Yayın Bilgisi: México : Diana, 1979, c1972
Etiketler: Etiketle
Etiket eklenmemiş, İlk siz ekleyin!

MARC

LEADER 00000nam^a2200000^a^4500
001 000617924
005 20260220000000.0
009 20260310133751.065
037 |a Acervo ITESO - Biblioteca 
041 |a ESP 
091 |a FOB. 00189 
100 |a Roviralta Borrell, J.  |e (traducción) 
245 1 3 |a El Bhagavad Gita :  |b el canto del señor / 
264 4 |a México :  |b Diana,  |c 1979, c1972 
300 |a 157 p. 
336 |a texto  |b txt  |2 rdacontenido 
337 |a sin mediación  |b n  |2 rdamedio 
338 |a volumen  |b nc  |2 rdasoporte 
649 |a XX 
700 |a Maynadé, Josefina  |e (presentación) 
910 |a Fondo Carlos de Obeso Orendain 
920 |a Impresos - Libros 
930 |a Fondos Especiales 
905 |a 147 
901 |a 617924-10  |b IT2  |c ESP  |i D83725  |u 20250715 
902 |a https://opac.biblio.iteso.mx/vufind/Record/000617924